000 01058nam0a22002771 4500
001 rc\624074
005 20250621185742.0
035 _a(NLR Aleph) 005866831
090 _a5937063
_c5937063
100 _a20031121f19911998|||y0rusy50 ca
101 0 _arus
102 _aRU
105 _aa |||||||||
200 1 _aРежимы мощных паротурбинных установок
205 _a2-е изд., перераб. и доп.
210 _aБ. м.
_cБ. и.
_dБ. г.
215 _a247, [1] с.
_cил.
_d22
300 _aЗагл. 1-го изд.: Стационарные и переходные режимы мощных паротурбинных установок
320 _aБиблиогр.: с. 245-248 (81 назв.)
700 1 _aИванов
_bВ. А.
_cд-р техн. наук, турбиностроение
_f1935-2000
_gВалерий Алексеевич
_9235983
_3RU\NLR\AUTH\770236039
801 0 _aRU
_bNLR
_gpsbo
801 1 _aRU
_bELAR
_2rusmarc
852 _aNLR
_j86-5/5720
942 _cBOOK
980 _aNB